Missing Word: 'F' Song Endings Quiz Stats

 Plays Quiz Updated Jun 1, 2015

Challenge
Share
Tweet
Embed
Score 0/20 Timer 04:00
1 Play Today
Song Missing Word % Correct
Girls Just Want To Have _____Fun
99.7%
Light My _____Fire
97.9%
Morning Train (Nine To _____)Five
97.4%
Poker _____Face
97%
Together _____Forever
92.6%
Why Can't We Be _____?Friends
92.6%
You've Lost That Lovin' _____Feelin'
92.2%
Wrapped Around Your _____Finger
90.2%
We Are _____Family
78.5%
Eternal _____Flame
78.3%
Song Missing Word % Correct
Night _____Fever
77.9%
Super _____Freak
73%
Head Over _____Feet
71.1%
Let Your Love _____Flow
63.9%
Philadelphia _____Freedom
54.4%
Father _____Figure
50.3%
Girls On _____Film
46.2%
White _____Flag
40.4%
Rock 'N' Roll _____Fantasy
27.6%
Today Was A _____Fairytale
17.2%

Today's Daily Dose

You're not logged in!

Compare scores with friends on all Sporcle quizzes.
Join for Free
OR
Log In

You Might Also Like...

Show Comments

Extras

Top Quizzes Today


Score Distribution

Your Account Isn't Verified!

In order to create a playlist on Sporcle, you need to verify the email address you used during registration. Go to your Sporcle Settings to finish the process.

Report this User

Report this user for behavior that violates our Community Guidelines.

Details: